Statistics for Capital Cities Breakdown Puzzle #8

Click here to take the quiz!

General Stats

  • This quiz has been taken 307 times
  • The average score is 17 of 30

Answer Stats

Hint Answer % Correct
AncientOLD
96%
It follows www.jetpunk.COM
95%
Singer WinehouseAMY
88%
Opposite of ouiNON
86%
Train trackRAIL
84%
LONDON
81%
Rainbow shapeARC
78%
Angkor ___WAT
77%
English spa townBATH
76%
Spanish houseCASA
73%
Female pigSOW
69%
Ahab, or Cook, eg.CAPTAIN
68%
Affleck film, ____ Girl GONE
67%
MOSCOW
67%
Sommelier's forteWINE
62%
TelephonedRANG
62%
CARACAS
59%
Reed instrumentOBOE
56%
Epic storySAGA
48%
Grasped, huggedHELD
45%
Confucian principleTAO
41%
OTTAWA
37%
Testament, bequestWILL
35%
GABORONE
29%
ASHGABAT
23%
NEW DELHI
23%
LILONGWE
18%
PANAMA CITY
17%
Monetary unit of LaosKIP
15%
PALIKIR
11%

Score Distribution

Percentile by Number Answered

Percent of People with Each Score

Your Score History

You have not taken this quiz